Canciones de Feid con 'FERXXO' en su título - Estadísticas

Estadísticas generales
  • Esta prueba ha sido intentada 87 veces
    61 desde el último reinicio
  • La puntuación promedio es 9 de 13
Estadísticas de respuestas
Álbum Featuring Canción % Correcto
MOR, NO LE TEMAS A LA OSCURIDAD ft. ICON FERXXO 151
89%
FELIZ CUMPLEAÑOS FERXXO TE PIRATEAMOS EL ÁLBUM - Ferxxo 100
87%
FELIZ CUMPLEAÑOS FERXXO TE PIRATEAMOS EL ÁLBUM - Feliz Cumpleaños Ferxxo
80%
MOR, NO LE TEMAS A LA OSCURIDAD - FERXXO 30
76%
FERXXO VOL X: SAGRADO - Ferxxo 500
69%
FEATURINGS ft. Blessd SI SABE FERXXO
69%
BAHÍA DUCATI ft. Ñejo FERXXO X ÑEJO
67%
MOR, NO LE TEMAS A LA OSCURIDAD ft. Young Cister, Pailita el único tema del ferxxo
64%
FERXXO (VOL 1: M.O.R) - EL CUARTO DE FERXXO
62%
MOR, NO LE TEMAS A LA OSCURIDAD - FERXXO EDITION
62%
INTER SHIBUYA - LA MAFIA - FERXXO VI
62%
FERXXO VOL X: SAGRADO ft. Nidia Gongora Caferxxo
56%
FEATURINGS ft. Joyce Santana Ferxxoko
53%
No se encontraron pruebas coincidentes
Distribución de puntuación
Porcentaje de gente con cada puntuación
Porcentaje por número respondido
Historial de tus puntuaciones
No has intentado esta prueba desde el último reinicio